Pixar Movie Images - Click Quiz - Statistics

General Stats
  • This quiz has been taken 71,255 times
  • The average score is 17 of 20
Answer Stats
Hint Answer % Correct
Cars
97%
The Incredibles
96%
A Bug's Life
94%
Monsters Inc.
94%
Brave
92%
Coco
90%
Ratatouille
90%
Up
90%
Elemental
87%
Toy Story
85%
Inside Out
84%
The Good Dinosaur
83%
Finding Nemo
83%
Lightyear
83%
Luca
79%
Soul
78%
WALL-E
77%
Turning Red
70%
Onward
66%
Elio
59%
No matching quizzes found
Score Distribution
Percent of People with Each Score
Percentile by Number Answered
Your Score History
You have not taken this quiz